Put the Alphabet Back in Greek Gods - Statistics

General Stats
  • This quiz has been taken 7 times
  • The average score is 9 of 23
Answer Stats
Hint Explanation Answer % Correct
C Icarus IARUS
100%
P Paris ARIS
67%
J Jason ASON
67%
A Chaos CHOS
67%
H Hermes ERMES
67%
U Europa EROPA
67%
F Griffin GRIFIN
67%
M Midas IDAS
67%
I Orion ORON
67%
B Phobos PHOOS
67%
E Rhea RHA
67%
L Atlas ATAS
33%
R Circe CICE
33%
Z Zeus EUS
33%
D Hydra HYRA
33%
S Psyche PYCHE
33%
G Gaia AIA
0%
O Oceanus CEANUS
0%
N Cronus CROUS
0%
Y Harpy HARP
0%
T Hestia HESIA
0%
K Nike NIE
0%
X Nyx NY
0%
No matching quizzes found
Score Distribution
Percent of People with Each Score
Percentile by Number Answered
Your Score History
You have not taken this quiz